Tri thức dân gian của người Raglai

Giới thiệu văn hóa ứng xử với môi trường tự nhiên của người Raglai ở Khánh Hòa, các kiểu nhà dài truyền thống, hình ảnh cây cau trong văn hóa người Raglai, văn hóa biển trong ngữ văn dân gian Raglai, biểu tượng thuyền Ahòq trong tín ngươ...

Descrizione completa

Salvato in:
Dettagli Bibliografici
Autore principale: Chamaliaqriya Tiẻnq
Natura: Libro
Lingua:Undetermined
Pubblicazione: Hà Nội Văn hóa Dân tộc 2011
Soggetti:
Tags: Aggiungi Tag
Nessun Tag, puoi essere il primo ad aggiungerne! !
Thư viện lưu trữ: Trung tâm Học liệu Trường Đại học Cần Thơ
LEADER 01053nam a2200205Ia 4500
001 CTU_170604
008 210402s9999 xx 000 0 und d
082 |a 398.09597 
082 |b C442 
100 |a Chamaliaqriya Tiẻnq 
245 0 |a Tri thức dân gian của người Raglai 
245 0 |c Chamaliaqriya Tiẻnq, Trần Kiêm Hoàng 
260 |a Hà Nội 
260 |b Văn hóa Dân tộc 
260 |c 2011 
520 |a Giới thiệu văn hóa ứng xử với môi trường tự nhiên của người Raglai ở Khánh Hòa, các kiểu nhà dài truyền thống, hình ảnh cây cau trong văn hóa người Raglai, văn hóa biển trong ngữ văn dân gian Raglai, biểu tượng thuyền Ahòq trong tín ngưỡng của dân tộc Raglai, lễ ăn đầu lúa mới. 
650 |a Folklore,Văn hóa dân gian 
650 |z Vietnam,Việt Nam 
904 |i Trọng Hải 
980 |a Trung tâm Học liệu Trường Đại học Cần Thơ